Capitals & Countries with Alphabetic Consecutive 1st Letters - Statistics

General Stats
  • This quiz has been taken 21 times
  • The average score is 23 of 38
Answer Stats
Hint Answer % Correct
IJ Indonesia
100%
Jakarta
100%
JK Jamaica
100%
Kingston
100%
NO Norway
100%
Oslo
100%
AB Argentina
86%
AB Azerbaijan
86%
Baku
86%
Buenos Aires
86%
IJ Israel
86%
Jerusalem
86%
CD Copenhagen
64%
Denmark
64%
LM Liberia
64%
MN Mauritania
64%
Monrovia
57%
BC Beijing
50%
BC Bogota
50%
China
50%
Colombia
50%
DE Dili
50%
East Timor
50%
Uzbekistan
50%
LM Lesotho
43%
Malawi
43%
MN Myanmar
43%
RS Riyadh
43%
Saudi Arabia
43%
TU Tashkent
43%
LM Lilongwe
36%
Nicaragua
36%
Nouakchott
36%
MN Managua
29%
Maseru
29%
Naypyidaw
29%
Central African Republic
21%
BC Bangui
7%
No matching quizzes found
Score Distribution
Percent of People with Each Score
Percentile by Number Answered
Your Score History
You have not taken this quiz